| 000 | 00491nam a2200181Ia 4500 | ||
|---|---|---|---|
| 008 | 240925s9999 xx 000 0 und d | ||
| 020 | _a9781845904425 | ||
| 082 | _a371.100941 DAV | ||
| 100 | _aDavies, Caroline Bentley | ||
| 245 | 0 | _aHow to be an Amazing Teacher | |
| 250 | _aNA | ||
| 260 |
_aUnited Kingdom: _bCrown House Publishing Co. _c,2011. |
||
| 300 |
_a181p. _b0 _fOriginal |
||
| 500 | _aIncludes Index | ||
| 600 | _aSocial Sciences | ||
| 650 | _aSocial Sciences | ||
| 942 | _cBK | ||
| 999 |
_c14191 _d14191 |
||